[Event "Varna-15"]
[Site "Varna"]
[Date "1976.05.??"]
[Round "?"]
[White "Espig, Lutz"]
[Black "Inkiov, Ventzislav"]
[Result "1-0"]
[WhiteElo "2480"]
[BlackElo "2330"]
[Annotator "Espig,L"]
[PlyCount "113"]
[EventDate "1976.05.??"]
[EventType "tourn"]
[EventRounds "13"]
[EventCountry "BUL"]
[SourceTitle "EXT 2010"]
[Source "ChessBase"]
[SourceDate "2010.11.25"]
[SourceVersion "1"]
[SourceVersionDate "2010.11.25"]
[SourceQuality "1"]

{SCHACH 7/1976 Seite 309} 1. e4 c5 2. Nc3 d6 3. f4 e6 4. Nf3 a6 5. g3 Nc6 6.
Bg2 g6 7. d3 Bg7 8. O-O Nge7 9. Be3 Nd4 10. Qd2 O-O 11. Rae1 Rb8 12. Nh4 b6 13.
Nd1 f5 14. c3 Ndc6 15. h3 Bb7 16. Bf2 Qd7 17. exf5 exf5 18. d4 Rbd8 19. Re2
Rfe8 20. Rfe1 Na5 21. d5 Nc4 22. Qd3 b5 23. b3 Nb6 24. c4 Na8 25. g4 Nc7 26.
Bf3 Bc8 27. Ne3 Kh8 28. Nf1 Ng8 29. gxf5 Rxe2 30. Rxe2 Bf6 ({Auf} 30... gxf5 {
folgt} 31. Ng3 Nh6 32. Nh5 {mit großem Vorteil.}) 31. Ne3 Rf8 32. fxg6 Qd8 33.
Neg2 Bxh3 34. gxh7 Ne7 {[#]} 35. Rxe7 $1 Bxe7 36. Ng6+ Kg7 37. Nxf8 Qxf8 38.
Be4 Bxg2 39. Qg3+ Kh8 40. Kxg2 Ne8 41. Kf3 Nf6 42. Qg6 Qg7 43. Qxg7+ Kxg7 44.
a3 {Die Abbruchstellung.} bxc4 45. bxc4 Nxh7 ({Etwas längeren Widerstand
leistete} 45... Bd8) 46. Bxh7 Kxh7 47. Kg4 Kg6 48. f5+ Kf7 49. Bh4 Bf8 50. f6
$1 {Schwarz gerät nun in einen tödlichen Zugzwang.} Bh6 51. Bg5 Bxg5 52. Kxg5
a5 53. a4 Kf8 54. f7 $1 Kxf7 55. Kf5 Ke7 56. Kg6 Ke8 57. Kf6 1-0

[Event "Beersheba 16th"]
[Site "Beersheba"]
[Date "1997.02.26"]
[Round "3"]
[White "Finkel, Alexander"]
[Black "Greenfeld, Alon"]
[Result "1-0"]
[WhiteElo "2505"]
[BlackElo "2520"]
[Annotator "Finkel,A"]
[PlyCount "43"]
[EventDate "1997.02.24"]
[EventType "tourn"]
[EventRounds "11"]
[EventCountry "ISR"]
[EventCategory "12"]
[SourceTitle "CBM 058"]
[Source "ChessBase"]
[SourceDate "1997.06.01"]
[SourceVersion "1"]
[SourceVersionDate "1997.06.01"]
[SourceQuality "1"]

1. e4 c5 2. Nc3 g6 3. f4 Bg7 4. Nf3 Nc6 5. g3 d6 6. Bg2 Nf6 7. O-O O-O 8. d3
Rb8 (8... Bg4 $5 {/\ Bf3}) 9. h3 b5 10. g4 b4 (10... Nd7 {N} 11. Ne2 Nd4 (11...
e6 12. c3 $14) 12. c3 (12. Nexd4 cxd4 13. Qe1 Bb7 14. Qf2 $5 Qb6 15. Qh4 $14 {
|^}) 12... Nxf3+ 13. Bxf3 b4 14. c4 e6 {/\ Nb6, d5} 15. Ng3 {/\ Qe2, Be3} Qh4 (
15... Nb6 16. Qe2 d5 17. Be3 dxc4 18. dxc4 $16 {/\ e5 ><c5}) 16. Kg2 Bb7 17.
Qe2 Rbd8 18. Be3 Bd4 19. Rae1 Qf6 20. Bc1 (20. g5 $142 $1 Qg7 21. Bc1 {/\
h4-h5+/-}) 20... Qh4 21. Be3 (21. e5 $6 Bxf3+ 22. Qxf3 dxe5 23. f5 exf5 24.
gxf5 e4 $1 25. Rxe4 Qf6) 21... a5 (21... Qf6 $6 22. g5 $16) 22. Bxd4 cxd4 23.
e5 Bxf3+ 24. Rxf3 dxe5 25. fxe5 Kg7 (25... Nc5 26. Ne4 Nxe4 27. Qxe4 $14 {><d4}
) 26. Qe4 (26. Qf2 {/\ Nf5} Qe7 $8 27. Qxd4 Nc5 {><d3}) 26... Nc5 27. Qf4 (27.
Qc6 Rc8 28. Qb6 Qd8) 27... f5 (27... Rd7 28. Qf6+ Qxf6 29. exf6+ Kg8 30. Re5
Rc8 31. h4 $16 {|^ בh}) 28. exf6+ Qxf6 29. Qxf6+ {1/2-1/2 Giorgadze
Giorgi-Vaganian Rafael A/It 1994} (29. Qxf6+ Rxf6 30. Ne4 $1 {Yudasin,L} Nxe4
$8 31. Rxe4 {/\ Re5+/-} Rxf3 32. Kxf3 Kf6 33. Rf4+ $1 $16 {_|_} Ke7 34. Ke4) (
29. Qc7+ Rf7 $1 $8 30. Nf5+ exf5 31. Qxc5 {/\ Qe5~~})) 11. Ne2 c4 (11... Ne8
12. f5 Rb6 (12... Nc7 13. Qe1 Nb5 14. Qh4 Nbd4 15. Nexd4 Nxd4 16. Bh6 (16. Nxd4
Bxd4+ 17. Kh1 Bb7 18. Rb1 a5 19. Bh6 Qc7 20. Bxf8 Rxf8 21. Qe1 Rd8 22. Qd2 Bg7
23. g5 Be5 24. Qf2 Bd4 25. Qf3 Rf8 26. h4 f6 27. Qg4 Qd7 28. Bh3 d5 29. Bg2
dxe4 30. Bxe4 fxg5 31. Qxg5 Kh8 32. Qg2 Bxe4 33. dxe4 Rg8 34. fxg6 Rxg6 35.
Rf8+ Kg7 36. Qf3 Bf6 37. Ra8 Qd2 38. e5 Qd4 39. exf6+ Kh6 40. Kh2 Rxf6 41. Qg3
Qd2+ 42. Kh3 Qd7+ 43. Kh2 Qd2+ 44. Kh3 {1/2-1/2 Davies,N-Ivanov,I/London
Lloyds 1992}) 16... f6 17. g5 Ne2+ 18. Kf2 Bxh6 19. Qxh6 Nf4 20. gxf6 e5 {
1-0 Buchal,S-Kersten,U/Hessen-ch Doernigheim 1994}) (12... a5 13. Rb1 a4 14.
Be3 Nc7 15. c4 bxc3 16. bxc3 Ba6 17. Qd2 Re8 18. h4 e6 19. Rxb8 Qxb8 20. Bh6
Bh8 21. h5 Qd8 22. Bg5 Qd7 23. hxg6 fxg6 24. Nf4 exf5 25. gxf5 gxf5 26. Bh3 Qf7
27. Bxf5 Bc8 28. Nh4 Bf6 29. Bxf6 Qxf6 30. Nh5 Qe5 31. Qh6 Bxf5 32. Rxf5 Qe7
33. Rg5+ {1-0 Petrienko,V-Pribyl,M/Pardubice op 1992}) 13. Qe1 d5 14. exd5 Qxd5
15. Ng5 Qe5 16. Qh4 h6 17. fxg6 fxg6 18. Rxf8+ Bxf8 19. Ne4 g5 20. Qf2 Bg7 21.
Be3 Nd4 22. N2g3 Nf6 23. Rf1 Be6 24. c3 bxc3 25. bxc3 Nxe4 26. Nxe4 Nb5 27.
Bxc5 Nxc3 28. Nxc3 Qxc3 29. Bxb6 axb6 30. Qe2 Qc5+ 31. Kh1 Bf7 32. Qf2 Qxf2 33.
Rxf2 Bd4 34. Rc2 Kg7 35. Be4 h5 36. gxh5 {Schoeneberg,M-Balashov,Y/EU-chT
Kapfenberg 1970/1/2-1/2 (68)}) (11... Qb6 12. Be3 Bxg4 13. hxg4 Nxg4 14. Qc1
Bxb2 15. Qxb2 Nxe3 16. Rfe1 c4 17. Kh1 b3 18. axb3 cxd3 19. cxd3 Nb4 20. Reb1 {
1/2-1/2 Becx,C-Archer,P/Guernsey op 1989}) (11... Ba6 12. Ng3 (12. f5 Nd7 13.
fxg6 fxg6 14. Nf4 Nd4 15. Ng5 Qe8 16. Nge6 Nxe6 17. Nxe6 Rxf1+ 18. Qxf1 Qf7 19.
Qxf7+ Kxf7 20. Nxg7 {1/2-1/2 Weiss,U-Fischdick,G/Graz ztW 1991}) 12... c4 13.
Re1 cxd3 14. cxd3 Nd7 15. d4 e5 16. fxe5 dxe5 17. d5 Nd4 18. Be3 Qf6 19. Kh2
Nxf3+ 20. Qxf3 Qxf3 21. Bxf3 Rfc8 22. Rec1 Bf8 23. Bxa7 Ra8 24. Be3 Rxc1 25.
Rxc1 Bb5 26. Ra1 Bc4 27. Be2 Rxa2 28. Rxa2 Bxa2 29. Nf1 Bc5 30. Bxc5 Nxc5 31.
Nd2 Bb3 32. g5 Bc2 33. d6 Kf8 34. Bf3 Ke8 35. Nc4 Bxe4 36. Bg4 {Blatny,
P-Kuczynski,R/Stara Zagora zt-A 1990/0-1 (49)}) (11... Nd7 12. f5 (12. Qe1 a5
13. f5 Nde5 14. Nxe5 Nxe5 15. Bg5 a4 16. Rd1 Bd7 17. Qf2 Nc6 18. b3 Ne5 19. Qh4
Re8 20. Rf2 axb3 21. axb3 Ra8 22. Rdf1 Ra2 23. Nc1 Ra1 24. Be3 Bb5 25. g5 Nc6
26. Ne2 Rxf1+ 27. Rxf1 e6 28. f6 Bf8 29. Qf2 Qa5 30. Nf4 Ne5 31. h4 Ng4 32. Qg3
Nxe3 33. Qxe3 Qa2 34. h5 gxh5 35. g6 hxg6 36. Nxg6 fxg6 37. f7+ Kg7 38. fxe8=Q
Bxe8 39. Qg5 Qb2 40. Qd8 Qd4+ 41. Kh1 {1-0 Giorgadze-Xu/32nd Chess Olympiad,
Yerevan 1996}) (12. g5 Nb6 13. Nh2 Nd4 14. Nxd4 Bxd4+ 15. Kh1 f5 16. gxf6 Bxf6
17. Ng4 Bg7 18. f5 Kh8 19. fxg6 hxg6 20. Rg1 Be6 21. Nh2 Bd4 22. Rf1 Rxf1+ 23.
Qxf1 Qg8 24. Nf3 Rf8 25. Qe1 Bf6 26. Ng5 Bxg5 27. Bxg5 Qh7 28. Qg3 Nd7 29. a3
a5 30. axb4 axb4 31. Ra7 Rf7 32. Ra8+ Rf8 33. Rxf8+ Nxf8 34. Qh4 Qxh4 35. Bxh4
g5 36. Bxg5 Ng6 {Benko,P-Aaron,M/Stockholm izt 1962/1-0 (51)}) 12... Nde5 13.
Qe1 Nxf3+ 14. Bxf3 Nd4 15. Nxd4 Bxd4+ 16. Kh1 e6 17. Bg2 Re8 18. f6 Bxf6 19.
Qf2 Bg7 20. g5 Be5 21. Qxf7+ Kh8 22. Qxa7 Rb7 23. Qa4 Rf8 24. Be3 Bxb2 25.
Rxf8+ Qxf8 26. Rf1 Rf7 27. Rxf7 Qxf7 28. Qa5 Qd7 29. Qb6 e5 30. Kg1 Kg7 31. Kh2
Kf7 32. Kh1 Ke7 33. Bxc5 dxc5 34. Qf6+ Ke8 35. Qh8+ Ke7 {1/2-1/2 Prasad,
D-Handoko,E/Bangalore 1981}) (11... a5 {N} 12. Qe1 (12. f5 $5 c4 $5 (12... d5
$5 13. e5 Nd7 14. e6 fxe6 15. fxe6 Nde5 16. Nxe5 Nxe5 17. Nf4 Bb7 $13) 13. Be3
cxd3 (13... Ba6 $6 14. d4 c3 15. d5 cxb2 16. Rb1 Ne5 17. Nxe5 dxe5 18. Rxb2 $14
) 14. cxd3 Ba6 15. Ned4 Nxd4 16. Nxd4 Rc8 17. Nf3 (17. a3 bxa3 $5 18. Rxa3 Nd7
19. fxg6 hxg6 20. b4 Ne5 21. bxa5 Rc5 $44) 17... Nd7 18. Rf2 d5 $1 $36 19. a3
$8 Nc5 (19... Bb7 20. axb4 axb4 21. Ra7 $1 Rc7 22. Qd2 dxe4 23. dxe4 Bxe4 24.
Qxb4 $13) 20. Bxc5 dxe4 21. axb4 exf3 22. Qxf3 (22. Rxa5 Rxc5 23. Rxa6 Rc7 24.
Rxf3 Bxb2 $40 {^-}) 22... axb4 23. d4 Bc4 24. Rd1 {/\ b3} b3 $1 25. g5 $1 $40
gxf5 (25... Re8 $5 {/\ Qd7, e6}) 26. Qxf5 e6 27. Qg4 (27. Qf3 $6 Qxg5 28. Bxf8
Rxf8 $44) 27... f5 28. gxf6 Rxf6 29. Rxf6 Qxf6 30. Rc1 $2 (30. Be4 $1 Kh8 31.
Kh1 Rg8 32. Rg1 Qf7 $10) 30... Bd3 31. Qg3 Qg6 32. Qxg6 hxg6 33. Re1 Bf5 34.
Kh2 $6 e5 35. Bb7 Rc7 36. Bd5+ Kh7 37. Bxb3 exd4 38. Ba3 d3 39. Kg3 d2 $6 40.
Rd1 Bh6 41. Kf2 $1 $8 Bxh3 $6 42. Rh1 Bg4 43. Bb4 Bh5 44. Bc3 Rd7 45. Bd1 Rf7+
46. Kg2 Bxd1 $2 47. Rxd1 Kg8 48. Kg3 Rf5 49. Kg4 Be3 50. Kg3 Rf2 51. Kg4 Kf7
52. Kg3 Ke6 53. Bxd2 $1 $10 Rxd2 54. Re1 Kf5 55. Rxe3 Rxb2 {1/2-1/2 Morovic
Fernandez,I-van Wely,L/Wijk aan Zee 1994}) (12. Be3) 12... Ba6 13. Qh4 c4 14.
Rd1 cxd3 15. cxd3 Nxe4 16. Be3 Nf6 17. Ng5 Rc8 18. Rac1 d5 19. Nd4 Nxd4 20.
Bxd4 Rxc1 21. Rxc1 h6 22. Nf3 Bxd3 23. g5 hxg5 24. Nxg5 Nh5 25. Qf2 e5 26. Bb6
Qf6 {0-1 Schischke,R-Schneider,B/NWL-II 1993}) (11... Nd4 $1 {N} 12. Be3 $6 (
12. c3 bxc3 13. bxc3 Nxf3+ 14. Bxf3 h5 15. Ng3 hxg4 16. hxg4 Nxg4 $1 17. Bxg4
Bxc3 18. Bxc8 Qxc8 $1 19. Be3 Qh3 20. Qf3 Rb2 21. Bf2 Bd4 $5 {/\ Rf2} 22. Rae1
Rxa2 $44 {Szuhanek,R}) 12... Nxe2+ 13. Qxe2 Nd7 14. Bc1 (14. Rab1 Qa5) 14... a5
15. Rb1 a4 16. b3 Ra8 17. e5 axb3 18. axb3 Ra2 19. e6 fxe6 20. Ng5 (20. Qxe6+
Kh8 21. Ng5 Qe8 $1 {/\ Ne5-/+}) 20... Nb6 21. Nxe6 Bxe6 22. Qxe6+ Kh8 23. Qe2
Bd4+ $1 (23... e6 $6 24. Be3) 24. Kh1 e6 25. Qd1 Qh4 $17 {~/= Ibragimov,
B-Szuhanek,R/Canakkale 1994}) (11... a5 {- 59/179}) 12. Be3 {[#]} (12. f5 Qb6+
13. Kh1 b3 14. axb3 cxb3 15. cxb3 a5 16. Nf4 Nb4 17. Bd2 e5 18. fxe6 fxe6 19.
Ng5 Re8 20. Bc3 Qb5 21. Nf3 e5 22. g5 Nd7 23. Nd5 Nxd5 24. exd5 Nc5 25. Rxa5
Qxd3 26. Qxd3 Nxd3 27. Nd2 Nf4 28. Ne4 Rd8 29. Ra7 Bb7 30. Rxf4 exf4 31. Bxg7
Kxg7 32. Nf6 h6 33. h4 hxg5 34. hxg5 Kf8 35. Be4 Bc8 36. Nh7+ Kg8 37. Nf6+ Kf8
38. Nh7+ Kg8 39. Nf6+ {1/2-1/2 Lobron,E-Keene,R/Bochum 1981}) 12... Bxg4 $6 (
12... Ba6 13. Rf2 (13. Ng3 $6 Nd7 14. Rb1 Qa5 15. d4 c3 16. Re1 cxb2 $15) 13...
Bb7 14. Ng3 c3 (14... d5 15. e5 d4 16. Bc1 Nd5 17. dxc4 Ne3 18. Bxe3 dxe3 19.
Re2 Qb6 20. Qd3 $16) 15. b3 d5 16. g5 d4 17. Bc1 Nd7 18. h4 $14) (12... a5 13.
Ng3 {[%cal Gd3d4]} (13. Ned4 Nxd4 14. Bxd4 cxd3 15. cxd3 Nd7 16. Bxg7 Kxg7 17.
Rc1 Bb7 18. Qe1 Qb6+ $13) 13... cxd3 14. cxd3 Bxg4 15. hxg4 Nxg4 16. Bc1 Qb6+
17. d4 Nxd4 18. Kh1 Ne6 19. Qe2 $14) 13. hxg4 Nxg4 14. Bc1 $1 (14. Bf2 cxd3 15.
cxd3 Nxf2 16. Rxf2 Bxb2 17. Rb1 Bg7 18. d4 $14) 14... cxd3 15. cxd3 Qb6+ 16. d4
e5 17. Bh3 $1 h5 $2 (17... Nf6 $1 18. Ng3 Rfe8 (18... exd4 19. Qd3 Rfe8 20. Rd1
$1 $16) 19. Re1 $1 (19. Qd3 d5 $3 20. fxe5 (20. exd5 Nxd4 21. Kh1 $5 Nxf3 22.
Qxf3 e4 23. Qe2 Rbd8 $44) 20... dxe4 21. Nxe4 Nxe4 22. Qxe4 Nxe5 23. Kh1 Nxf3
24. Qxf3 f5 $44) 19... exd4 20. Qd3 Re7 21. Bd2 Rbe8 22. Rad1 $16) 18. Bxg4
hxg4 19. Ng5 $1 $16 exd4 $6 (19... exf4 20. Bxf4 Nxd4 21. Nxd4 Bxd4+ 22. Kh1
Bxb2 23. Rb1 Be5 24. Qxg4 $16) 20. Ng3 $18 d3+ 21. Kg2 Qd4 22. Rf2 $1 1-0

[Event "Biel GM"]
[Site "Biel"]
[Date "2004.07.19"]
[Round "1"]
[White "Morozevich, Alexander"]
[Black "McShane, Luke J"]
[Result "1-0"]
[WhiteElo "2743"]
[BlackElo "2643"]
[Annotator "Ftacnik,L"]
[PlyCount "83"]
[EventDate "2004.07.19"]
[EventType "tourn"]
[EventRounds "10"]
[EventCountry "SUI"]
[EventCategory "18"]
[SourceTitle "CBM 102"]
[Source "ChessBase"]
[SourceDate "2004.09.23"]
[SourceVersion "1"]
[SourceVersionDate "2004.09.23"]
[SourceQuality "1"]

1. e4 c5 2. Nf3 Nc6 3. Nc3 Nf6 4. h3 d6 5. g3 g6 6. Bg2 Bg7 7. O-O O-O 8. d3
Rb8 9. Be3 b5 10. Qd2 b4 11. Nd1 Ba6 (11... e5 12. Bh6 Nh5 13. Bxg7 Kxg7 14.
Nh4 Nf4 15. Nf5+ gxf5 16. gxf4 exf4 17. Qxf4 Nd4 18. Kh1 Nxc2 19. Rc1 Nd4 20.
Rxc5 Be6 {1/2-1/2 Ristoja,T-Maeder,K/Haifa 1970/ (24)}) (11... c4 12. Nd4 Nxd4
13. Bxd4 cxd3 14. Qxd3 Bd7 15. Re1 a5 16. c3 Bb5 17. Qd2 e5 18. Be3 Bc6 19.
cxb4 axb4 20. Bg5 Qd7 21. a3 bxa3 22. bxa3 Rfc8 {1/2-1/2 Thorsen,F-Rosell,K/
Randers 1973/ (30)}) (11... Re8 12. Bh6 Bh8 13. Ne3 a5 14. Nc4 Nd7 15. Ng5 Nb6
16. f4 Nxc4 17. dxc4 Bxb2 18. f5 Bxa1 19. fxg6 Bd4+ 20. Kh1 fxg6 21. Rf7 Bf6
22. Rxf6 exf6 23. Qd5+ Be6 24. Nxe6 Ne7 {0-1 Robertson,I-Plaskett,J/Edinburgh
1999/ (29)}) 12. Bh6 {Morozevich does not avoid very modest openings, he
relays on his enormous playing strength in the middlegame.} (12. Ne1 c4 13. f4
Qc8 14. Qf2 b3 15. axb3 cxd3 16. cxd3 Nb4 17. Qd2 Nd7 18. Ra3 Nc5 19. Nf2 {
1-0 Polster,W-Sandmeier,T/Germany 1989/ (65)}) 12... c4 13. Bxg7 Kxg7 14. dxc4
(14. Re1 Qa5 15. dxc4 Bxc4 16. a3 Be6 $11) 14... Bxc4 15. Re1 Qa5 16. Ne3 Be6
17. Ng5 (17. Nd4 Nxd4 18. Qxd4 Rfc8 19. Red1 Qc5 20. f4 $11) 17... Qe5 (17...
Qc5 18. Nd5 Bxd5 19. exd5 Ne5 $11) (17... Qxg5 $2 18. Nf5+ $18) 18. f4 Qc5 (
18... Qxb2 $2 19. e5 dxe5 20. Nxe6+ fxe6 21. Bxc6 $16) 19. Qf2 Rb5 (19... Qb5
20. Red1 h6 21. Nxe6+ fxe6 22. Qd2 e5 $11) 20. Rac1 Bd7 (20... Bxa2 $5 21. b3 (
21. Ra1 Be6 22. e5 dxe5 23. Nxe6+ fxe6 24. Bxc6 Qxc6 25. Rxa7 Ne4 $17) 21... h6
22. e5 dxe5 23. fxe5 Nxe5 24. Ne4 Nxe4 25. Bxe4 f5 $15) 21. Nd1 (21. Nd5 Nh5 $1
22. Qxc5 Rxc5 23. Kh2 e6 $11) 21... Rc8 22. Nf3 (22. c4 Ra5 23. Qxc5 dxc5 24.
e5 Nh5 25. e6 fxe6 26. Kf2 Nd4 $15) 22... e5 $1 {McShane has made a great
progress in the last two years. Now he very correctly fixes white pawns on the
colour of the bishops.} 23. c4 (23. Bf1 Ra5 24. Qxc5 Rxc5 25. Nf2 $11) 23...
Ra5 24. Qxc5 dxc5 (24... Rxc5 25. Nf2 Ra5 26. Ra1 Nh5 $15) 25. fxe5 Nh5 26. Nf2
(26. g4 Nf4 27. Ra1 Nd4 $15) (26. Kf2 Rxa2 27. Rc2 Be6 28. Ne3 Nd4 29. Rd2 $11)
26... Nxg3 (26... Be6 27. Nd3 Rd8 28. Re3 Nxg3 29. Nf4 Rxa2 30. Ng5 Nd4 31.
Rxg3 Rxb2 $13) 27. Nd3 Rd8 (27... Be6 28. Kf2 Nh5 29. Ke3 Rxa2 $15) 28. Kf2 Nh5
(28... Bxh3 $1 29. Bxh3 (29. Nxc5 Bxg2 30. Kxg2 Rxc5 31. Kxg3 Rd3 $17) 29...
Rxd3 30. Kxg3 Rxa2 31. e6 Rxb2 $17) 29. Ke3 Be6 (29... Rxa2 30. Ra1 Ra5 31. b3
Be6 32. Rxa5 Rxd3+ 33. Kxd3 Nf4+ 34. Kc2 Nxa5 35. Bf1 $11) 30. Rc2 Rxa2 $2 {
Black has achieved positionally excellent prospects, his worry was the
maangement of the tactics.} (30... Rxd3+ $5 31. Kxd3 Rxa2 32. Bf1 a5 33. Rd2 a4
$17) 31. Nxc5 b3 (31... h6 32. Nb7 Rd7 33. Nd6 g5 34. c5 $13) 32. Rf2 (32. Nxb3
Nb4 33. Rd2 Rxd2 34. Kxd2 Rxb2+ 35. Kc3 Rxg2 36. Kxb4 Nf4 $15) 32... Nb4 $2 {
[%mdl 2048] Probably the decisive mistake. Black pieces are loosing
coordination, most of them sit at the edge of the board.} (32... Bxc4 33. Rc1
Na5 (33... Bb5 34. Bf1 (34. Ng5 Nxe5 35. Nge6+ fxe6 36. Nxe6+ Kh6 37. Nxd8 Nd3
$17) 34... Bxf1 35. Rcxf1 $11) 34. Nd4 (34. e6 f6 35. Nd2 Bb5 36. e7 Re8 37.
Ndxb3 Nxb3 38. Nxb3 Rxe7 39. Nd4 a6 $15) 34... Re8 35. e6 fxe6 36. Nb7 Nxb7 37.
Rxc4 Na5 $15) 33. Nxe6+ fxe6 34. Nd4 Ra6 (34... Rxd4 35. Kxd4 Nc2+ 36. Rxc2
bxc2 37. Kc3 Nf4 38. Bf1 Ra5 39. Kxc2 Rxe5 40. b4 $16) (34... Nf4 35. Rxf4 Rxd4
36. Kxd4 Nc2+ 37. Kc3 Nxe1 38. Bf1 Ra5 39. Kxb3 Rxe5 40. Kc3 $16) 35. Rc1 $1 g5
36. Bf1 Nf4 37. c5 {White makes no secrets of his plan to advance the c passed
pawn, the opponent has no effective defense to it.} Ra4 (37... Ra5 38. Nxb3
Nbd3 39. Nxa5 Nxc1 40. c6 $18) 38. Bb5 Ra5 39. c6 Rxd4 (39... Nc2+ 40. Rfxc2
bxc2 41. c7 Rc8 42. Rxc2 $18) 40. Kxd4 Nc2+ (40... Rxb5 41. c7 Nc2+ 42. Rfxc2
bxc2 43. Rxc2 $18) 41. Rfxc2 bxc2 42. c7 1-0

[Event "WchT 7th"]
[Site "Bursa"]
[Date "2010.01.06"]
[Round "2.1"]
[White "Nakamura, Hikaru"]
[Black "Sasikiran, Krishnan"]
[Result "1-0"]
[WhiteElo "2708"]
[BlackElo "2653"]
[Annotator "Ftacnik,L"]
[PlyCount "91"]
[EventDate "2010.01.05"]
[EventType "team-tourn"]
[EventRounds "9"]
[EventCountry "TUR"]
[SourceTitle "CBM 134"]
[Source "ChessBase"]
[SourceDate "2010.01.18"]
[SourceVersion "1"]
[SourceVersionDate "2010.01.18"]
[SourceQuality "1"]
[WhiteTeam "US of America"]
[BlackTeam "India"]
[WhiteTeamCountry "USA"]
[BlackTeamCountry "IND"]

1. e4 c5 2. Nc3 d6 3. f4 Nc6 4. g3 g6 5. Bg2 Bg7 6. d3 e6 7. Nh3 {Nakamura is
extremely strong practical player, but he can hardly compete with his
colleagues in theoretical positions. The knight on h3 occupies an odd square.}
Nge7 8. Be3 b6 9. O-O O-O 10. Kh1 {White has no efficient plan of playing for
the advantage. The retreat of the king to the corner is a slightly stereotyped
solution.} (10. Bf2 Bb7 11. Qd2 Qd7 12. Rae1 Rae8 13. g4 f5 14. gxf5 exf5 15.
Ng5 Nd4 16. Bxd4 Bxd4+ 17. Kh1 h6 18. Nf3 Bg7 19. Nh4 {1/2-1/2 Zvjaginsev,V 
(2659)-Moiseenko,A (2630)/Sochi 2007}) (10. Rb1 $6 Bb7 11. Nf2 $2 (11. Kh1 $5
d5 12. Bg1 $13) 11... d5 $1 12. Bd2 Qd7 $15 13. e5 f6 14. exf6 Bxf6 15. Bh3
Rae8 16. Ne2 Nf5 17. c3 Bg7 18. g4 $6 Nh4 $17 {0-1 Padevsky,N (2425)-Mainka,R 
(2430)/Dortmund 1991/ (32)}) (10. g4 d5 11. Bf2 d4 12. Ne2 f5 13. gxf5 exf5 14.
Bh4 fxe4 15. dxe4 Bg4 16. Qd3 Qd7 17. Ng5 h6 18. Nf3 Rae8 19. a3 Kh8 20. Rae1
Rf7 $15 {0-1 Cristobal,R (2342)-Felgaer,R (2471)/Mar del Plata 2001 (46)})
10... Qd7 11. Bg1 Bb7 12. Qd2 Rae8 13. Rae1 f5 $1 {Sasikiran has all his
pieces in play and this is the moment when the player should start some action.
} 14. Ng5 Nd4 15. Nf3 {The relocation of the knight to f3-square is a silent
admission, that the experiment with 7.Nh3 was not especially successful.} Nec6
(15... Nxf3 16. Bxf3 d5 $1 17. exd5 (17. e5 d4 18. Ne2 Bxf3+ 19. Rxf3 Qc6 20.
Kg2 g5 $17) 17... Nxd5 18. Qg2 Nxc3 19. Bxb7 Nd5 20. Bxd5 exd5 21. c3 $15) 16.
Nxd4 (16. exf5 Rxf5 17. a3 d5 $15) 16... cxd4 (16... Nxd4 17. Be3 b5 18. a3 Bf6
$15) 17. Ne2 e5 18. c3 (18. exf5 Rxf5 19. c3 Ne7 $15) 18... exf4 $6 {The real
transition into the middlegame has found players in a situation, that is far
too complex even for very strong players. Some of the moves deserve open
criticism.} (18... dxc3 19. bxc3 fxe4 20. dxe4 Na5 $15) 19. gxf4 $2 (19. Nxf4
$1 dxc3 20. bxc3 fxe4 21. Bxe4 Ne7 $11) 19... dxc3 20. bxc3 Rc8 21. Ng3 $6 {
The knight is leaving the centre at the wrong moment as the c3-pawn will
remain quite vulnerable.} (21. Be3 Rf7 22. Kg1 Re8 $15) 21... Ne7 (21... fxe4
22. dxe4 (22. Nxe4 Ne7 23. Bd4 Bxd4 24. cxd4 Nf5 $17) 22... Na5 23. Ne2 Rce8
24. Nd4 Bh6 $17) 22. Bd4 $6 {Consequent, but positionally a rather
compromising solution. The retreat of the knight must be an objectively
stronger solution.} (22. Ne2 Qc7 23. Nd4 Qxc3 24. Qxc3 Rxc3 25. Ne6 Rxd3 26.
Nxf8 Kxf8 27. exf5 Bxg2+ 28. Kxg2 Nxf5 29. Rc1 Ra3 $15) 22... Bxd4 23. cxd4 Qa4
24. Qe3 Rc2 25. Rc1 Rfc8 {Black must have felt very positive about his chances.
Quite possibly the subtle control of the centre from the e8-square would have
been a stronger solution.} (25... Re8 $5 26. Rxc2 Qxc2 27. a3 Kf8 $17) 26. d5
fxe4 (26... Qxa2 27. Ra1 Qb3 28. Rfb1 Rb2 29. Rxb2 Qxb2 30. Rxa7 Rc7 $15) (
26... Rxa2 $2 27. exf5 $18) 27. dxe4 Ba6 (27... Rxa2 28. f5 Ba6 29. f6 Bxf1 30.
Rxf1 Qc2 31. f7+ Kg7 32. Qd4+ Kh6 33. Qe3+ Kg7 $11) 28. Rxc2 Rxc2 29. Rg1 Qxa2
(29... Rxa2 30. Qc3 Bc8 31. Qf6 Rxg2 32. Kxg2 Qc2+ 33. Kf3 Qd3+ 34. Kf2 Qc2+
35. Ne2 Qxe4 36. Rg3 $11) 30. Qd4 {White is fighting for survival as he is
down by a pawn and his pieces must politely sit at the corner. Sasikiran
should not forget about his exposed king on g8.} Qb2 (30... Qa3 31. Qf6 Rc1 32.
Qxe7 Rxg1+ 33. Kxg1 Qc5+ 34. Kh1 Qc1+ 35. Nf1 Bxf1 36. Qe8+ Kg7 37. Qe7+ $11)
31. Qa4 (31. Qxb2 Rxb2 32. e5 Kf8 33. exd6 Ng8 34. Rc1 Nf6 35. Ne4 Nxd5 36. d7
Ke7 37. Rd1 Kd8 38. Nd6 Kxd7 39. Bxd5 Kxd6 40. Bb7+ Kc7 41. Bxa6 b5 42. Kg1 b4
$11) 31... Bb5 32. Qxa7 Nc8 33. Qb7 {The material balance has been restored
and Black had to start defending his weaknesses.} Qg7 (33... Be8 34. e5 dxe5
35. f5 Bf7 (35... e4 36. d6 Nxd6 37. Qe7 Rxg2 38. Rxg2 Qc1+ 39. Rg1 Qc6 40. Rf1
e3+ 41. Kg1 Qc5 42. Ne2 $14) 36. Qd7 Qb4 37. Ne4 Qe7 $11) 34. Qa8 Qc3 35. Qa1
Bd3 {The second player must have still felt that his position is fine. The
immediate swap of the queens would slightly favour Nakamura.} (35... Qxa1 36.
Rxa1 Kg7 37. Kg1 h5 38. e5 Bc4 39. h4 $14) 36. Qd1 Ne7 (36... b5 37. Qg4 Rc1
38. Qe6+ Kf8 39. Bh3 Ne7 40. f5 Qc5 $11) 37. f5 Rd2 (37... Kf8 38. Qf3 Bc4 39.
Qf4 Qf6 $11) 38. Qa4 b5 $2 {The b-pawn correctly dreams about advancing to the
b1-square, but the move opens one important diagonal.} (38... Kf7 39. Qa7 Rb2
40. Qd7 Qe5 $11) 39. Qa7 Kf8 $6 (39... Kf7 40. Qe3 Rc2 41. Qf3 (41. f6 Kxf6 42.
Qf4+ Kg7 43. Qxd6 $14) 41... Ke8 (41... gxf5 42. exf5) 42. f6 Nc8 43. e5 dxe5
44. d6 Nxd6 45. Qd5 Qc5 46. Qxd3 $16) 40. Qe3 $1 {[%mdl 128] White's queen has
demonstrated a level of mobility, that is rarely seen in chess games. Black's
king feels vulnerable.} b4 (40... Ra2 41. fxg6 hxg6 42. Qf4+ Ke8 43. Qxd6 $14)
41. Qf4 Ke8 (41... gxf5 42. Nxf5 Nxf5 43. Qxf5+ Ke7 44. Qxh7+ Kd8 45. Bf1 $18)
42. f6 $1 (42. Qxd6 Rxg2 43. Kxg2 Qd2+ 44. Kf3 gxf5 45. exf5 Bc2 46. Qe5 $16)
42... Nc8 43. Bh3 {Nakamura's pieces are springing to life with devastating
effect.} Ba6 (43... Rc2 44. Bxc8 Qxc8 45. Nf5 gxf5 46. Rg8+ Kf7 47. Rxc8 Bxe4+
48. Qxe4 fxe4 49. Rxc2 Kxf6 50. Rc4 Ke5 51. Rxb4 Kxd5 52. Kg2 $18) 44. Bxc8
Bxc8 (44... Qxc8 45. f7+ Ke7 46. Nf5+ gxf5 47. Qg5+ Kd7 48. Qg7 $18) 45. f7+
Kf8 46. Rf1 {The triumph of the practical approach to chess, White played the
final phase of the game with enviable fantasy.} 1-0